LDR 01350naa#a2200169#i#450# 001 RU\\bibl\120415 005 20260429145958.3 011 ## _a2218-130X 100 ## _a20260410b2026####ek#y0rusy0150####ca 102 ## _aRU 200 1# _aУПРАВЛЕНИЕ ИННОВАЦИОННЫМ РАЗВИТИЕМ ОРГАНИЗАЦИОННЫХ СИСТЕМ НА ОСНОВЕ ОЦЕНКИ ЦИФРОВОЙ ЗРЕЛОСТИ: СРАВНИТЕЛЬНЫЙ АНАЛИЗ СОВРЕМЕННЫХ КОНЦЕПТУАЛЬНЫХ ПОДХОДОВ И МОДЕЛЕЙ _eЖурнальная статья 210 1# _aСанкт-Петербург _cСанкт-Петербургский университет Государственной противопожарной службы Министерства Российской Федерации по делам гражданской обороны, чрезвычайным ситуациям и ликвидации последствий стихийных бедствий имени Героя Российской Федерации генерала армии Е.Н. Зиничева _d2026 215 ## _a20 с. 608 ## _aЖурнальная статья _2local 675 ## _aТеория управления экономикой. 338.24.01 _z 700 #1 _aМусиенко _gТамара Викторовна 856 4# _ajournals.igps.ru _u